A quels joueurs appartiennent ces anecdotes ? - Statistiques

Statistiques générales
  • Ce quiz a été pris 163 fois
  • Le résultat moyen est 6 sur 15
Statistiques - réponses
Péripéties Joueur % Correct
On me surnomme le cannibale car il m'est arrivé de mordre des adversaires en plein match Luis Suarez
86%
Les médias m'ont vendus comme le nouveau Zidane, malheureusement ma carrière a été compliqué et je n'ai jamais réussi à faire parti des meilleurs Marvin Martin
66%
J'ai provoqué un incendie chez moi en tirant des pétards Mario Balotelli
65%
Je ne bois pas de boisson alcoolisé et je refuse de me faire tatouer afin de pouvoir donner mon sang. Mon nom est un hommage au président Ronald Reagan Cristiano Ronaldo
61%
Je reçois une banane en plein match à cause de ma couleur de peau. Pour répondre à cet acte raciste, je la mange. Dani Alves
58%
J'ai quitté la sélection allemande suite à une photo polémique Mesut Ozil
58%
Afin de faire taire les sifflets lors de la marseillaise (pendant le match France - Italie), je fais un geste de la main pour faire taire le public et me met à applaudir l'hymne. Mes coéquipiers et le public me suivront. Gianluigi Buffon
50%
A l'âge de 5 ans mon père se fait fusiller sous mes yeux, quelques semaines plus tard je reçois de l'eau bouillante sur le visage qui me vaudra une cicatrice encore présente. Ma soeur me brisera la machoire en me donnant un coup de balançoire Carlos Tevez
31%
J'ai reçu une tête de porc en plein match Luis Figo
31%
Membre de la Brigade Sud depuis mes plus jeunes années, je découvre le football dans mon club de coeur Alexy Bosetti
24%
J'ai une soeur jumelle qui jouait elle aussi à l'AS Roma mais en féminine. Ma non sélection à la coupe du monde 2018 a fait polémique. Radja Nainggolan
23%
Suite à la naissance de mon fils je célèbre un but en faisant mine de bercer un enfant Bebeto
22%
J'ai écrasé un cigare dans l'oeil à un coéquipier qui voulait mettre le feu à ma chemise Joey Barton
22%
Après avoir gagné la Ligue des champions avec mon club, j'ai découpé le filet des cages pour l'offrir en cadeau de mariage à ma femme Gérard Piqué
12%
Par maladresse j'ai brisé en deux le trophée de la League Cup au moment de la soulever Vincent Kompany
3%
Aucun quiz correspondant
Distribution des résultats
% des personnes avec chaque résultat
Percentile par nombre de réponses
Votre historique - résultats
Vous n’avez pas pris ce quiz